Nightwebs; (Record no. 533816)
[ view plain ]
| 000 -LEADER | |
|---|---|
| fixed length control field | 01270cam a2200289 4500 |
| 001 - CONTROL NUMBER | |
| control field | 1709628 |
| 003 - CONTROL NUMBER IDENTIFIER | |
| control field | NUST |
| 005 - DATE AND TIME OF LATEST TRANSACTION | |
| control field | 20200121151355.0 |
| 008 - FIXED-LENGTH DATA ELEMENTS--GENERAL INFORMATION | |
| fixed length control field | 710804s1971 nyu b 000 1 eng |
| 010 ## - LIBRARY OF CONGRESS CONTROL NUMBER | |
| LC control number | 70144199 |
| 020 ## - INTERNATIONAL STANDARD BOOK NUMBER | |
| International Standard Book Number | 006013173X |
| 038 ## - RECORD CONTENT LICENSOR | |
| Staff Name | MSOHAIL |
| 040 ## - CATALOGING SOURCE | |
| Original cataloging agency | DLC |
| Transcribing agency | DLC |
| Modifying agency | DLC |
| 050 00 - LIBRARY OF CONGRESS CALL NUMBER | |
| Classification number | PZ3.H77844 |
| Item number | Nm |
| Classification number | PS3515.O6455 |
| 082 00 - DEWEY DECIMAL CLASSIFICATION NUMBER | |
| Classification number | 813.52 |
| 100 1# - MAIN ENTRY--PERSONAL NAME | |
| Personal name | Woolrich, Cornell, |
| Dates associated with a name | 1903-1968. |
| 9 (RLIN) | 27806 |
| 245 10 - TITLE STATEMENT | |
| Title | Nightwebs; |
| Statement of responsibility, etc. | a collection of stories by Cornell Woolrich. Edited by Francis M. Nevins, Jr. |
| 250 ## - EDITION STATEMENT | |
| Edition statement | [1st ed.] |
| 260 ## - PUBLICATION, DISTRIBUTION, ETC. | |
| Place of publication, distribution, etc. | New York, |
| Name of publisher, distributor, etc. | Harper & Row |
| Date of publication, distribution, etc. | [1988] |
| 300 ## - PHYSICAL DESCRIPTION | |
| Extent | xxxiv, 362 p. |
| Dimensions | 22 cm. |
| 350 ## - PRICE (NR) (BK AM CF MU VM SE) [OBSOLETE] | |
| Price | $8.95 |
| 505 0# - FORMATTED CONTENTS NOTE | |
| Formatted contents note | Graves for the living.--The red tide.--The corpse next door.--You'll never see me again.--Dusk to dawn.--Murder at the automat.--Death in the air.--Mamie 'n' me.--The screaming laugh.--One and a half murders.--Dead on her feet.--One night in Barcelona.--The penny-a-worder.--The number's up.--Too nice a day to die.--Life is weird sometimes.--Cornell Woolrich: a checklist, by H. Knott, F. M. Nevins, Jr., W. Thailing (p. 478-510) |
| 650 #0 - SUBJECT ADDED ENTRY--TOPICAL TERM | |
| Topical term or geographic name entry element | Horror tales, American. |
| 9 (RLIN) | 8045 |
| 700 1# - ADDED ENTRY--PERSONAL NAME | |
| Personal name | Nevins, Francis M., |
| Relator term | ed. |
| 9 (RLIN) | 27807 |
| 906 ## - LOCAL DATA ELEMENT F, LDF (RLIN) | |
| a | 7 |
| b | cbc |
| c | orignew |
| d | 2 |
| e | ncip |
| f | 19 |
| g | y-gencatlg |
| 942 ## - ADDED ENTRY ELEMENTS (KOHA) | |
| Source of classification or shelving scheme | |
| Koha item type | Book |
| Withdrawn status | Lost status | Source of classification or shelving scheme | Damaged status | Not for loan | Permanent Location | Current Location | Date acquired | Total Checkouts | Full call number | Barcode | Date last seen | Price effective from | Koha item type |
|---|---|---|---|---|---|---|---|---|---|---|---|---|---|
| School of Civil and Environmental Engineering (SCEE) | School of Civil and Environmental Engineering (SCEE) | 01/21/2020 | 813.52 | NIT-9289 | 01/21/2020 | 01/21/2020 | Book |
